header

The imagined Civil War (Record no. 246238)

MARC details
000 -LEADER
fixed length control field 02129nam a2200481 a 4500
082 04 - DEWEY DECIMAL CLASSIFICATION NUMBER
Classification number 810.9/358
100 1# - MAIN ENTRY--AUTHOR NAME
Personal name Fahs, Alice.
245 14 - TITLE STATEMENT
Title The imagined Civil War
260 ## - PUBLICATION, DISTRIBUTION, ETC. (IMPRINT)
Place of publication Chapel Hill [N.C.] :
Name of publisher University of North Carolina Press,
Year of publication c2001.
300 ## - PHYSICAL DESCRIPTION
Number of Pages xi, 410 p. :
Other physical details ill.
490 1# - SERIES STATEMENT
Series statement Civil War America
500 ## - GENERAL NOTE
General note Revision of the author's thesis (doctoral)--New York University.
650 #0 - SUBJECT ADDED ENTRY--TOPICAL TERM
Topical Term War and literature
Topical Term American literature
Topical Term Popular literature
Topical Term War and literature
Topical Term American literature
Topical Term Popular literature
Topical Term War stories, American
Topical Term War poetry, American
Topical Term War in literature.
856 40 - ELECTRONIC LOCATION AND ACCESS
Uniform Resource Identifier http://site.ebrary.com/lib/rucke/Doc?id=10442139

No items available.

© 2026 Rongo University
Contact us: librarian | system librarian | Rongo university